000 01124nam a22003377a 4500
001 BR5400014
003 BR-BrBNA
005 20230928082946.0
007 ta
008 230509b bl.||||| |||| 00| 0 por d
040 _aBR-BrBNA
_bpor
_cBiblioteca Nacional de Agricultura
041 _a(Por)
072 _aL00; E70
_b5214
_b9410
_b/G514
090 _ 5214 BR5400014
110 1 _aDepartamento Nacional da Producao Animal, Rio de Janeiro, GB (Brasil). Comissao Nacional de Pecuaria de Leite
_93203
245 1 _aComunicoes sobre a pecuaria de leite nas bacias de abastecimento do Distrito Federal, Sao Paulo, Belo Horizonte e Niteroi [Brasil]
_bv. 3 Manejo dos rebanhos v. 4 Producao de leite
260 3 _aRio de Janeiro, GB (Brasil):
_c[nd].
300 _avp.
500 _aPublished after 1953
650 _aProducao animal
650 _aComercializacao
650 _aGado leiteiro
650 _aLeite
650 _aBacia leiteira
650 _aAbastecimento
650 _aDistrito Federal
650 _aSao Paulo
650 _aRio de Janeiro
909 _a202309
_bLucia
_c55
_dLucia Elande
942 _cBK
999 _c10829
_d10829